| 000 | 00944nam a2200265Ia 4500 | ||
|---|---|---|---|
| 003 | OSt | ||
| 005 | 20220925202951.0 | ||
| 006 | a|||||r|||| 00| 0 | ||
| 007 | ta | ||
| 008 | 220923b |||||||| |||| 00| 0 eng d | ||
| 037 | _cGeneral Book | ||
| 040 |
_aRTL _cRTL _beng |
||
| 041 |
_2eng _aeng |
||
| 082 | _aX655.2.N9, P0/Th | ||
| 100 |
_aGulati Kamini _9264617 |
||
| 110 |
_aUniversity of Delhi. Faculty of Commerce and Business Studies. Department of Commerce _9264618 |
||
| 245 | 0 | _aForeign institutional investors in the Indian Stock market | |
| 260 |
_aDelhi _bUniversity of Delhi _c2000 |
||
| 300 |
_a85p. _ccm. |
||
| 490 | _aUniversity of Delhi ,Commerce (Deptt of -),Thesis | ||
| 650 | _aForeign Investment | ||
| 700 |
_aUniversity of Delhi. Faculty of Commerce and Business Studies. Department of Commerce _9264619 |
||
| 942 |
_hX655.2.N9, P0/Th _cGB _2CC |
||
| 999 |
_c544782 _d544782 |
||